000
00269nam a2200109Ia 4500
008
190216s9999||||xx |||||||||||||| ||und||
100
_a
Lowis J Batton
245
0
_a
Radar Observes The Weather
260
_b
Vakils Feffer & Simons Pvt.
650
_a
English
942
_c
BK
999
_c
12267
_d
12267